<?xml version="1.0" encoding="UTF-8"?>
<record
    xmlns:xsi="http://www.w3.org/2001/XMLSchema-instance"
    xsi:schemaLocation="http://www.loc.gov/MARC21/slim http://www.loc.gov/standards/marcxml/schema/MARC21slim.xsd"
    xmlns="http://www.loc.gov/MARC21/slim">

  <leader>00918cam a2200253 a 4500</leader>
  <datafield tag="999" ind1=" " ind2=" ">
    <subfield code="c">7152</subfield>
    <subfield code="d">7152</subfield>
  </datafield>
  <controlfield tag="003">OCoLC</controlfield>
  <controlfield tag="005">20201125111709.0</controlfield>
  <controlfield tag="008">021008s2003    ncua     b    001 0 eng  </controlfield>
  <datafield tag="020" ind1=" " ind2=" ">
    <subfield code="a">0-8223-3057-1</subfield>
  </datafield>
  <datafield tag="040" ind1=" " ind2=" ">
    <subfield code="a">DDC</subfield>
    <subfield code="b">English</subfield>
    <subfield code="c">DDC</subfield>
    <subfield code="d">TSSD</subfield>
  </datafield>
  <datafield tag="082" ind1=" " ind2=" ">
    <subfield code="a">614.428 DIS</subfield>
  </datafield>
  <datafield tag="245" ind1="0" ind2="0">
    <subfield code="a">Disease in the history of modern Latin America :</subfield>
    <subfield code="b">From malaria to AIDS /</subfield>
    <subfield code="c">(edited by) Diego Armus.</subfield>
  </datafield>
  <datafield tag="260" ind1=" " ind2=" ">
    <subfield code="a">Durham :</subfield>
    <subfield code="b">Duke University Press,</subfield>
    <subfield code="c">c2003.</subfield>
  </datafield>
  <datafield tag="300" ind1=" " ind2=" ">
    <subfield code="a">viii, 326 p. :</subfield>
    <subfield code="b">ill. ;</subfield>
    <subfield code="c">24 cm.</subfield>
  </datafield>
  <datafield tag="504" ind1=" " ind2=" ">
    <subfield code="a">Includes bibliographical references and index.</subfield>
  </datafield>
  <datafield tag="650" ind1=" " ind2="0">
    <subfield code="a">Social medicine</subfield>
    <subfield code="z">Latin America.</subfield>
    <subfield code="v">History.</subfield>
  </datafield>
  <datafield tag="650" ind1=" " ind2="0">
    <subfield code="a">Diseases</subfield>
  </datafield>
  <datafield tag="650" ind1="1" ind2="2">
    <subfield code="a">Social Medicine.</subfield>
  </datafield>
  <datafield tag="650" ind1="2" ind2="2">
    <subfield code="a">Communicable Disease Control</subfield>
  </datafield>
  <datafield tag="651" ind1=" " ind2="2">
    <subfield code="a">Latin America.</subfield>
  </datafield>
  <datafield tag="700" ind1="1" ind2=" ">
    <subfield code="a">Armus, Diego.</subfield>
  </datafield>
  <datafield tag="776" ind1="0" ind2="8">
    <subfield code="i">Online version:</subfield>
    <subfield code="t">Disease in the history of modern Latin America.</subfield>
    <subfield code="d">Durham : Duke University Press, 2003</subfield>
    <subfield code="w">(OCoLC)656500678</subfield>
  </datafield>
  <datafield tag="942" ind1=" " ind2=" ">
    <subfield code="2">ddc</subfield>
    <subfield code="c">BOOK</subfield>
  </datafield>
  <datafield tag="952" ind1=" " ind2=" ">
    <subfield code="0">0</subfield>
    <subfield code="1">0</subfield>
    <subfield code="2">ddc</subfield>
    <subfield code="4">0</subfield>
    <subfield code="7">0</subfield>
    <subfield code="a">GU-MLW</subfield>
    <subfield code="b">GU-MLW</subfield>
    <subfield code="c">GEN</subfield>
    <subfield code="d">2020-11-25</subfield>
    <subfield code="e">UNSW</subfield>
    <subfield code="i">0037836</subfield>
    <subfield code="l">0</subfield>
    <subfield code="o">614.428 DIS</subfield>
    <subfield code="p">GU-MLW20110425</subfield>
    <subfield code="r">2020-11-25 00:00:00</subfield>
    <subfield code="w">2020-11-25</subfield>
    <subfield code="y">BOOK</subfield>
  </datafield>
</record>
